000 00428nam a22001817a 4500
003 MPLRDC
005 20220104142345.0
008 210129b ||||| |||| 00| 0 eng d
020 _a983-43955-0-6
082 _a859.9 CTX
100 _a车太炫
245 _a小心看车
_c
250 _a初版
260 _a马来西亚
_b幸运草创意社
_c2008
300 _b104
650 _a儿童文学
942 _cBK
_o859.9 CTX
999 _c30166
_d30156